Derecho civil español y americano: sus influencias recíprocas
Guardat en:
| Autor principal: | |
|---|---|
| Format: | Llibre |
| Idioma: | espanyol |
| Publicat: |
Córdoba
Universidad Nacional de Córdoba
1973
|
| Matèries: | |
| Etiquetes: |
Afegir etiqueta
Sense etiquetes, Sigues el primer a etiquetar aquest registre!
|
MARC
| LEADER | 00000nam a2200000 a 4500 | ||
|---|---|---|---|
| 001 | UCS1217 | ||
| 003 | CL-VaPUC | ||
| 008 | 970509e19730000AG |||||||||||||||||spa|d | ||
| 082 | 0 | 4 | |a 346.8 |b MOI |2 21 |
| 100 | |a Moisset de Espanés, Luis |e autor |9 548947 | ||
| 245 | 1 | 0 | |a Derecho civil español y americano: sus influencias recíprocas |
| 300 | |a 33 p | ||
| 942 | |c BK | ||
| 945 | |d 19970509 00:00:00 |a paguirre | ||
| 260 | |a Córdoba |b Universidad Nacional de Córdoba |c 1973 | ||
| 650 | 0 | |a Derecho civil |9 255013 | |
| 650 | 0 | |a Derecho comparado |9 255664 | |
| 650 | 0 | |a Códigos |9 352314 | |
| 650 | 7 | |a LEY |2 CL-VaPUC |9 385493 | |
| 651 | 0 | |a España |9 254926 | |
| 651 | 0 | |a América Latina |9 255027 | |
| 651 | 0 | |a México |9 255269 | |
| 651 | 0 | |a Argentina |9 254888 | |
| 651 | 7 | |a CHILE |2 CL-VaPUC |9 385494 | |
| 583 | |a last modification |c 19970509 00:00:00 |k Rodrigo Vera | ||
| 999 | |c 259317 |d 259315 | ||
| 952 | |0 0 |1 0 |2 ddc |4 0 |6 346_800000000000000_MOI_1973 |7 0 |8 A |9 283974 |a BIBDER |b BIBDER |d 2019-11-19 |i 1841653 |o 346.8 MOI 1973 |p 1841653 |r 2023-01-25 |w 2019-11-19 |y MX |k DER | ||
| 952 | |0 0 |1 0 |2 ddc |4 0 |6 346_800000000000000_MOI_1973 |7 0 |8 A |9 283975 |a BIBDER |b BIBDER |d 2019-11-19 |i 1841661 |o 346.8 MOI 1973 |p 1841661 |r 2023-01-25 |w 2019-11-19 |y MX |k DER | ||